Ralph Waldo Emerson : (Record no. 9253)
[ view plain ]
| 000 -الفاتح | |
|---|---|
| حقل البيانات ثابتة الطول | 01219nac a22003251u 4500 |
| 003 - محدد رقم الضبط | |
| رقم الضبط | EG-ScBUE |
| 005 - وقت وتاريخ اخر تعامل مع التسجيلة | |
| رقم الضبط | 20210220125910.0 |
| 008 - عناصر البيانات ثابتة الطول - معلومات عامة | |
| حقل البيانات ثابتة الطول | 210220s1996 ii f 000 0 eng d |
| 020 ## - الرقم الدولى المعيارى للكتب | |
| الرقم الدولى المعيارى للكتاب | 8175811153 |
| 040 ## - مصدر الفهرسة | |
| وكالة الفهرسة الأصلية | EG-ScBUE |
| لغة الفهرسة | eng |
| قواعد الوصف | rda |
| وكالة النسخ | EG-ScBUE |
| وكالة التعديل | EG-ScBUE |
| 082 04 - رقم تصنيف ديوى العشرى | |
| رقم التصنيف | 814.3 |
| رقم المادة | TIL |
| رقم الطبعة | 22 |
| 100 1# - المدخل الرئيسى - إسم شخصى | |
| الإسم الشخصى | Tilak, Raghukul, |
| الدور | author. |
| 245 10 - بيان العنوان | |
| العنوان | Ralph Waldo Emerson : |
| بقية العنوان | selected essays and poems / |
| بيان المسئوليه,etc | Dr. Raghukul Tilak, M.A., Ph.D., Department of English, Meerut College, Meerut and Anupam Gupta, M.A. |
| 250 ## - بيان الطبعة | |
| بيان الطبعة | Fifth edition. |
| 260 ## - PUBLICATION, DISTRIBUTION, ETC. (IMPRINT) | |
| اسم الناشر او الموزع | ,1996. |
| تاريخ النشر أو التوزيع | c1996. |
| 264 #1 - النشر، التوزيع | |
| مكان الناشر او الموزع | New Delhi : |
| اسم الناشر او الموزع | Rama Brothers Educational Publishers, |
| تاريخ النشر أو التوزيع | 1996. |
| 300 ## - الوصف المادى | |
| التعداد | xii, 290 pages : |
| أبعاد الوعاء | 20 cm |
| 336 ## - نوع المحتوى | |
| source | rdacontent |
| Carrier Type Term | نص |
| Content Type Code | txt |
| 337 ## - نوع الوسيط | |
| source | rdamedia |
| Media Type Term | بدون وسيط |
| Media Type Code | n |
| 338 ## - نوع الحامل أو الناقل | |
| source | rdacarrier |
| Carrier Type Term | مجلد |
| Carrier Type Code | nc |
| 500 ## - تبصرة عامة | |
| تبصرة عامة | Distributer: Al-Ahram |
| 600 17 - المدخل الاضافى بالموضوع-اسم شخصى | |
| الإسم الشخصى | Emerson, Ralph Waldo, |
| التواريخ المصاحبة للاسم | 1803-1882 |
| التقسيم الفرعي العام | Criticism and interpretation. |
| مصدر الرأس أو المصطلح | BUEsh |
| 650 #7 - المدخل الاضافى بالموضوع-مصطلح موضوعى | |
| مصطلح موضوعي أو اسم جغرافي كعنصر مدخل | American poetry |
| التقسيم الفرعي العام | History and criticism. |
| مصدر الرأس أو المصطلح | BUEsh |
| 650 #7 - المدخل الاضافى بالموضوع-مصطلح موضوعى | |
| مصطلح موضوعي أو اسم جغرافي كعنصر مدخل | American essays |
| التقسيم الفرعي العام | History and criticism. |
| مصدر الرأس أو المصطلح | BUEsh |
| 651 ## - المدخل الاضافى بالموضوع - اسم جغرافى | |
| مصدر الرأس أو المصطلح | BUEsh |
| 653 ## - مصطلح تكشيفى غير مقيد | |
| Resource For college | Humanities: English |
| Arrived date list | February2021 |
| 655 ## - مصطلح تكشيفى-نوع/شكل | |
| التقسيم الفرعي الشكلي | Reading book |
| -- | 34232 |
| 700 ## - المدخل الاضافى - اسم شخصى | |
| الإسم الشخصى | Gupta, Anupam, |
| الدور | author. |
| 942 ## - عناصر المدخل الإضافي( كوها) | |
| Koha [default] item type | Book - Borrowing |
| سابقة رقم الطلب | 814.3TIL |
| مصدر التصنيف او مخطط الترفيف | Dewey Decimal Classification |
| حالة التراجع | حالة الفقد | مصدر التصنيف او خطة الترفيف | حالة تلف | ليس للاعارة | مجموعات كوها | المكان الدائم | المكان الحالي | موقع الترفيف | تاريخ الاكتساب | Source of acquisition | رقم الاستدعاء | الباركود | Date last seen | نوع الوعاء |
|---|---|---|---|---|---|---|---|---|---|---|---|---|---|---|
| Dewey Decimal Classification | Alahram | Central Library | Central Library | Second Floor | 23/04/2008 | Purchase | 814.3 TIL | 000011194 | 15/07/2025 | Book - Borrowing |